Statistics for Countries that Visit Peru the Most

Click here to take the quiz!

General Stats

  • This quiz has been taken 381 times
  • The average score is 9 of 10

Answer Stats

RankCountry# of visitors% Correct
5Brazil144,000
98%
2United States445,745
98%
1Chile874,000
97%
6Argentina142,000
96%
4Colombia150,000
96%
3Ecuador174,000
91%
8France80,000
89%
7Spain117,000
88%
10Canada66,000
87%
9Germany66,000
85%

Score Distribution

Percentile by Number Answered

Percent of People with Each Score

Your Score History

You have not taken this quiz